[Event "4NCL Online Division 5"]
[Site "online"]
[Date "2020.04.14"]
[Round "2.83"]
[White "Chaban, Roxolana"]
[Black "Wenninger, Maxim"]
[Result "0-1"]
[WhiteElo "1462"]
[BlackElo "1540"]
[PlyCount "142"]
[EventDate "2020.04.14"]
[WhiteTeam "Kent KJCA Kestrels D"]
[BlackTeam "CSC 5"]

1. e4 c5 2. Nf3 d6 3. d4 cxd4 4. Nxd4 Nf6 5. Nc3 a6 6. f3 e5 7. Nf5 Bxf5 8.
exf5 Be7 9. Bg5 Qc7 10. Bxf6 Bxf6 11. Nd5 Qa5+ 12. Qd2 Qxd2+ 13. Kxd2 Bd8 14.
Bd3 Nc6 15. Rad1 O-O 16. g4 Nd4 17. Be4 b5 18. c3 Nc6 19. Nb4 Bg5+ 20. Ke2 Nxb4
21. Bxa8 Rxa8 22. cxb4 Rc8 23. Kd3 d5 24. Rhe1 f6 25. Re2 Rc4 26. a3 h5 27. h3
hxg4 28. hxg4 Kf7 29. Rc2 e4+ 30. fxe4 dxe4+ 31. Ke2 Rxc2+ 32. Ke1 Ke7 33. Kf1
Rxb2 34. Ra1 e3 35. Re1 Rb3 36. Re2 Rxa3 37. Kg2 Kd6 38. Kf3 Rb3 39. Ke4 Rxb4+
40. Kd3 Rxg4 41. Kc3 Rc4+ 42. Kb3 Ke5 43. Ka3 Ke4 44. Rh2 Kd3 45. Kb2 e2 46.
Rh1 Kd2 47. Rh2 Re4 48. Kb3 Kd3 49. Rh3+ Re3 50. Rxe3+ Kxe3 51. Kb4 e1=Q+ 52.
Kc5 Qc3+ 53. Kb6 Bf4 54. Kb7 Qc7+ 55. Kxa6 Bd6 56. Kxb5 Qc5+ 57. Ka6 Bc7 58.
Kb7 Qb6+ 59. Kc8 Bd6 60. Kd7 Qc7+ 61. Ke6 Qe7+ 62. Kd5 Qe5+ 63. Kc6 Kd4 64. Kb6
Qc5+ 65. Ka6 Kd5 66. Kb7 Qc6+ 67. Ka7 Bc5+ 68. Kb8 Qd6+ 69. Kc8 Qe7 70. Kb8 Kc6
71. Ka8 Qb7# 0-1

[Event "4NCL Online Division 5"]
[Site "online"]
[Date "2020.04.14"]
[Round "2.84"]
[White "Khoury, Theo"]
[Black "Brightley-Davies, Ciaran"]
[Result "1-0"]
[WhiteElo "1465"]
[BlackElo "1454"]
[PlyCount "99"]
[EventDate "2020.04.14"]
[WhiteTeam "CSC 5"]
[BlackTeam "Kent KJCA Kestrels D"]

1. e4 e6 2. d4 d5 3. exd5 exd5 4. Nf3 Bd6 5. Be2 Nf6 6. O-O O-O 7. Bg5 h6 8.
Bh4 c6 9. Nc3 Bg4 10. Qd2 Nbd7 11. h3 Bh5 12. Rfe1 Re8 13. Rad1 Qc7 14. Qc1 g5
15. Nxg5 hxg5 16. Qxg5+ Bg6 17. Bd3 Bf4 18. Bg3 Bxg5 19. Bxc7 Rxe1+ 20. Rxe1
Bxd3 21. cxd3 Re8 22. Kf1 Rxe1+ 23. Kxe1 Nh5 24. g3 Nhf6 25. Ne2 Ne8 26. Bf4
Bxf4 27. Nxf4 Kg7 28. Ke2 Nef6 29. Kf3 b5 30. g4 Nf8 31. h4 Ng6 32. Nxg6 fxg6
33. Kf4 Ne4 34. dxe4 dxe4 35. Kxe4 Kf6 36. f4 a5 37. f5 gxf5+ 38. gxf5 b4 39.
b3 Kf7 40. Ke5 Ke7 41. h5 Kf7 42. h6 Kg8 43. f6 a4 44. bxa4 c5 45. dxc5 b3 46.
axb3 Kh8 47. f7 Kh7 48. f8=Q Kg6 49. Qg7+ Kh5 50. h7 1-0

[Event "4NCL Online Division 5"]
[Site "online"]
[Date "2020.04.14"]
[Round "2.91"]
[White "Robinson, Brian"]
[Black "Gogia, Abeer"]
[Result "1/2-1/2"]
[WhiteElo "1750"]
[BlackElo "1412"]
[PlyCount "68"]
[EventDate "2020.04.14"]
[WhiteTeam "Bishop Trojans"]
[BlackTeam "4 Gems"]

1. d4 d5 2. Nf3 Nf6 3. e3 c5 4. b3 Nc6 5. Bd3 e6 6. O-O Bd6 7. Bb2 O-O 8. Nbd2
b6 9. a3 cxd4 10. exd4 Bb7 11. Ne5 Qc7 12. f4 h6 13. Kh1 Rac8 14. g4 Nd7 15. g5
hxg5 16. Qh5 g6 17. Nxg6 Kg7 18. Nxf8 Nxf8 19. Qxg5+ Ng6 20. h4 Bxf4 21. Rxf4
Qxf4 22. Qxf4 Nxf4 23. Rg1+ Kf8 24. Bf1 Ke7 25. Nf3 Rh8 26. Bc1 Ng6 27. Rg4 e5
28. dxe5 Ncxe5 29. Nxe5 Nxe5 30. Rd4 Nf3 31. Rg4 Ne5 32. Rd4 Nf3 33. Rg4 Ne5
34. Rd4 Nf3 1/2-1/2

[Event "4NCL Online Division 5"]
[Site "online"]
[Date "2020.04.14"]
[Round "2.92"]
[White "Whelan, Joseph"]
[Black "Smith, Peter J"]
[Result "1/2-1/2"]
[WhiteElo "1358"]
[BlackElo "1667"]
[PlyCount "136"]
[EventDate "2020.04.14"]
[WhiteTeam "4 Gems"]
[BlackTeam "Bishop Trojans"]

1. e4 a6 2. Nf3 h6 3. Bc4 d6 4. d4 c6 5. e5 d5 6. Bb3 Bg4 7. c4 e6 8. c5 Ne7 9.
Bc2 Nd7 10. O-O g5 11. Nc3 Bg7 12. h3 Bh5 13. Qd3 g4 14. Nh2 gxh3 15. Qxh3 Bg6
16. Bxg6 Nxg6 17. f4 Qh4 18. Nf3 Qxh3 19. gxh3 f5 20. Be3 O-O-O 21. a4 Rdg8 22.
Kh1 Bf8 23. b4 Be7 24. b5 a5 25. b6 Rg7 26. Rg1 Rhg8 27. Nb5 cxb5 28. axb5 Nxb6
29. cxb6 Bb4 30. Rac1+ Kb8 31. Rc7 Rxc7 32. bxc7+ Kxc7 33. Nh4 Kb6 34. Rxg6
Rxg6 35. Nxg6 a4 36. Bc1 a3 37. Nh8 Kxb5 38. Nf7 Kc4 39. Nd6+ Kb3 40. Bxa3 Bxa3
41. Nxb7 Kc4 42. Nd8 Kxd4 43. Nxe6+ Ke4 44. Kg2 d4 45. Kf1 d3 46. Ke1 Ke3 47.
Kd1 Bb4 48. h4 d2 49. h5 Kf3 50. Nc7 Kg4 51. Nd5 Bf8 52. Kxd2 Kxh5 53. Ke3 Kg6
54. Kf3 Kf7 55. Ne3 Ke6 56. Kg3 Be7 57. Kf3 h5 58. Kg2 Bh4 59. Kh3 Bf2 60. Nd1
Be1 61. Ne3 h4 62. Ng2 Bg3 63. Nxh4 Bxf4 64. Ng6 Bxe5 65. Kg2 Bb8 66. Kf3 Kf6
67. Nh4 Kg5 68. Nxf5 Kxf5 1/2-1/2

[Event "4NCL Online Division 5"]
[Site "online"]
[Date "2020.04.14"]
[Round "2.93"]
[White "Bainbridge, Bryan J"]
[Black "Rizvi, Aysha"]
[Result "1-0"]
[WhiteElo "1570"]
[BlackElo "1255"]
[PlyCount "47"]
[EventDate "2020.04.14"]
[WhiteTeam "Bishop Trojans"]
[BlackTeam "4 Gems"]

1. e4 c5 2. Nc3 Nc6 3. g3 g6 4. Bg2 Bg7 5. d3 e6 6. f4 Nge7 7. Nf3 O-O 8. O-O
d5 9. Rb1 a6 10. Bd2 b5 11. b3 d4 12. Ne2 a5 13. a4 b4 14. g4 Qc7 15. Ng3 Bd7
16. Qe1 e5 17. f5 g5 18. Nh5 Bh8 19. Bxg5 Nc8 20. Qh4 Qd6 21. Bf6 Bxf6 22.
Nxf6+ Kg7 23. g5 h6 24. Qxh6# 1-0

[Event "4NCL Online Division 5"]
[Site "online"]
[Date "2020.04.14"]
[Round "2.94"]
[White "Rizvi, Zara"]
[Black "Berry, Robert"]
[Result "1/2-1/2"]
[WhiteElo "1076"]
[BlackElo "1562"]
[PlyCount "137"]
[EventDate "2020.04.14"]
[WhiteTeam "4 Gems"]
[BlackTeam "Bishop Trojans"]

1. d4 d5 2. c4 dxc4 3. e3 b5 4. a4 c6 5. axb5 cxb5 6. Qf3 a6 7. Qxa8 Qc7 8. Qf3
e6 9. Qd1 Nf6 10. Nc3 b4 11. Nce2 c3 12. bxc3 bxc3 13. Qc2 Bb4 14. Nf3 Bb7 15.
Qa4+ Nc6 16. Qb3 a5 17. Ba3 O-O 18. Nxc3 Bxa3 19. Rxa3 Nb4 20. Be2 Ne4 21. O-O
Rb8 22. Nxe4 Bxe4 23. Qc3 Qd8 24. Rc1 f6 25. Qc7 Qf8 26. Rxa5 Bd3 27. Bxd3 Nxd3
28. Rca1 Rc8 29. Qxc8 Qxc8 30. Ra8 Qxa8 31. Rxa8+ Kf7 32. Ra7+ Kg6 33. Kf1 Nb4
34. Re7 Nd5 35. Ra7 f5 36. Ne5+ Kh6 37. Re7 Nxe7 38. Ke2 Ng6 39. Nxg6 Kxg6 40.
h4 Kf6 41. f3 h6 42. g4 g6 43. gxf5 gxf5 44. e4 f4 45. Kf2 Kg6 46. Kg2 Kf6 47.
Kh3 h5 48. Kg2 Ke7 49. Kf2 Kd6 50. Ke2 Kc6 51. Kd3 Kb5 52. e5 Kc6 53. Ke4 Kb5
54. Kxf4 Kc4 55. Ke4 Kb5 56. Kf4 Kc6 57. Ke4 Kd7 58. f4 Ke7 59. f5 exf5+ 60.
Kxf5 Kf7 61. Kg5 Ke6 62. Kxh5 Kf7 63. Kg5 Kg7 64. h5 Kf7 65. h6 Kg8 66. d5 Kh7
67. d6 Kg8 68. d7 Kh7 69. d8=Q 1/2-1/2

[Event "4NCL Online Division 5"]
[Site "online"]
[Date "2020.04.14"]
[Round "2.101"]
[White "Jackson, Edward"]
[Black "Whatmore, Steve"]
[Result "1/2-1/2"]
[WhiteElo "1712"]
[BlackElo "1817"]
[PlyCount "82"]
[EventDate "2020.04.14"]
[WhiteTeam "Manchester Juniors B"]
[BlackTeam "Rugeley"]

1. e4 c6 2. d4 d5 3. Nc3 dxe4 4. Nxe4 Bf5 5. Ng3 Bg6 6. Nh3 e6 7. Nf4 Nf6 8. h4
Bd6 9. h5 Bf5 10. Nxf5 exf5 11. c3 Qe7+ 12. Qe2 Qxe2+ 13. Bxe2 O-O 14. O-O Re8
15. Bd3 Bxf4 16. Bxf4 Nxh5 17. Bxb8 Raxb8 18. Bxf5 Nf6 19. Rfe1 g6 20. Bc2
Rxe1+ 21. Rxe1 Re8 22. Kf1 Kf8 23. Rxe8+ Kxe8 24. Ke2 Ke7 25. Kf3 Kd6 26. Bb3
Ke7 27. g4 h5 28. gxh5 Nxh5 29. a4 f6 30. Bc2 f5 31. a5 b6 32. Ba4 Kd6 33. axb6
axb6 34. Bb3 Ke7 35. Bc4 g5 36. Bd3 Kf6 37. b4 Nf4 38. Bc4 Nd5 39. Bxd5 cxd5
40. Kg3 Ke6 41. f3 b5 1/2-1/2

[Event "4NCL Online Division 5"]
[Site "online"]
[Date "2020.04.14"]
[Round "2.102"]
[White "Carr, Matthew"]
[Black "Jayawarna, Tarini"]
[Result "1/2-1/2"]
[WhiteElo "1692"]
[BlackElo "1520"]
[PlyCount "108"]
[EventDate "2020.04.14"]
[WhiteTeam "Rugeley"]
[BlackTeam "Manchester Juniors B"]

1. d4 Nf6 2. Nf3 g6 3. Bf4 Bg7 4. e3 O-O 5. Nbd2 d6 6. c3 e6 7. Bd3 Nc6 8. Qc2
Bd7 9. h4 Nh5 10. Bh2 f5 11. O-O-O a6 12. Rdg1 Nf6 13. Bf4 b5 14. Bg5 Ne7 15.
Bxf6 Rxf6 16. h5 c5 17. hxg6 hxg6 18. g4 cxd4 19. exd4 Rc8 20. gxf5 exf5 21.
Ng5 Qa5 22. Qb3+ d5 23. Re1 Qd8 24. Ndf3 Rb6 25. Qb4 Nc6 26. Qd6 Nxd4 27. Qxd5+
Ne6 28. Nxe6 Bxe6 29. Qxd8+ Rxd8 30. Bc2 Bd5 31. Bb3 Bxb3 32. axb3 Rbd6 33. Rd1
Bh6+ 34. Kc2 Rxd1 35. Rxd1 Rxd1 36. Kxd1 Kf7 37. c4 Ke7 38. Nd4 Bg7 39. Nc6+
Kd6 40. cxb5 axb5 41. Na7 b4 42. Kc2 g5 43. Nc8+ Kd5 44. Ne7+ Ke4 45. f3+ Kxf3
46. Nxf5 Be5 47. Kd3 Kf4 48. Ne3 Bd6 49. Ke2 g4 50. Nd5+ Ke4 51. Nf6+ Kf5 52.
Nd5 Ke4 53. Nf6+ Kf5 54. Nd5 Ke4 1/2-1/2

[Event "4NCL Online Division 5"]
[Site "online"]
[Date "2020.04.14"]
[Round "2.103"]
[White "Fairclough, William"]
[Black "Sullivan, Luke"]
[Result "0-1"]
[WhiteElo "1412"]
[BlackElo "1585"]
[PlyCount "116"]
[EventDate "2020.04.14"]
[WhiteTeam "Manchester Juniors B"]
[BlackTeam "Rugeley"]

1. e4 d6 2. Nc3 Nf6 3. d4 Nbd7 4. Bc4 e5 5. dxe5 dxe5 6. Nf3 h6 7. O-O Be7 8.
Re1 c6 9. Bd2 Qc7 10. a3 Nf8 11. b4 b5 12. Bb3 a5 13. bxa5 Rxa5 14. Nb1 Ra8 15.
c4 b4 16. a4 c5 17. Bc1 Bg4 18. Nbd2 Rd8 19. Qc2 Bc8 20. a5 Bd7 21. Bb2 Ng6 22.
Ba4 O-O 23. Bxd7 Rxd7 24. a6 Ra8 25. h3 Bd6 26. g4 Nf4 27. Kh2 Qb8 28. Ra2 Rda7
29. Rea1 Ne6 30. Nh4 Nd4 31. Bxd4 exd4+ 32. Kg2 Bf4 33. Nf5 Be5 34. Qd3 Qb6 35.
Nb3 Kh7 36. Nh4 g6 37. Nf3 Nd7 38. g5 h5 39. Nxe5 Nxe5 40. Qc2 Nd7 41. f4 Rxa6
42. Rxa6 Rxa6 43. f5 Rxa1 44. Nxa1 Ne5 45. Qa2 Qc6 46. fxg6+ Nxg6 47. Kf3 Ne5+
48. Kf4 Qd6 49. Kf5 Qe6+ 50. Kf4 Nd3+ 51. Kf3 Qxh3+ 52. Ke2 Qh2+ 53. Kxd3 Qxa2
54. Nc2 b3 55. Nxd4 b2 56. Ne6 b1=Q+ 57. Ke3 Qe1+ 58. Kf4 fxe6 0-1

[Event "4NCL Online Division 5"]
[Site "online"]
[Date "2020.04.14"]
[Round "2.104"]
[White "Wood, Ryan"]
[Black "Jayawarna, Thisumi"]
[Result "0-1"]
[WhiteElo "1322"]
[BlackElo "1316"]
[PlyCount "107"]
[EventDate "2020.04.14"]
[WhiteTeam "Rugeley"]
[BlackTeam "Manchester Juniors B"]

1. d4 Nf6 2. Bf4 d6 3. c4 c5 4. d5 Nh5 5. Bd2 g6 6. Nc3 Bg7 7. e4 Nf6 8. Nf3
O-O 9. Bd3 Bg4 10. h3 Bxf3 11. Qxf3 Nbd7 12. O-O Ne5 13. Qe2 Nxd3 14. Qxd3 Nd7
15. Rfe1 Bd4 16. Be3 Bg7 17. Rab1 f5 18. b4 cxb4 19. Rxb4 Ne5 20. Qe2 Nf3+ 21.
gxf3 Bxc3 22. Rxb7 Bxe1 23. Qxe1 a6 24. exf5 Rxf5 25. Bb6 Qf8 26. Qe6+ Qf7 27.
Rxe7 Qxe6 28. Rxe6 Rxf3 29. Kg2 Rf4 30. c5 dxc5 31. Bxc5 Rd8 32. d6 Rd7 33. Bb6
Kf7 34. Re2 Rf6 35. Bc7 Re6 36. Rb2 Re5 37. Rb3 Rb5 38. Ra3 a5 39. Rf3+ Rf5 40.
Rxf5+ gxf5 41. Kf3 Ke6 42. Kf4 a4 43. Kg5 Rf7 44. Kf4 Kd5 45. f3 Ke6 46. Ke3
Rg7 47. Kd4 Rg2 48. a3 Ra2 49. Kc5 Rxa3 50. Kc6 Rd3 51. Kc5 a3 52. Kc4 a2 53.
Kxd3 a1=Q 54. d7 0-1

[Event "4NCL Online Division 5"]
[Site "online"]
[Date "2020.04.14"]
[Round "2.111"]
[White "Millar, Greg F"]
[Black "Kerbel, Sasha"]
[Result "0-1"]
[WhiteElo "1727"]
[BlackElo "1780"]
[PlyCount "112"]
[EventDate "2020.04.14"]
[WhiteTeam "Maryport Assassins B"]
[BlackTeam "Wigston 2"]

1. e4 e5 2. Nf3 Nc6 3. Bb5 Nge7 4. O-O g6 5. c3 a6 6. Ba4 Bg7 7. d4 exd4 8.
cxd4 O-O 9. Nc3 d5 10. e5 f6 11. Re1 fxe5 12. Nxe5 Nxe5 13. dxe5 Be6 14. Bg5 c6
15. Bb3 Qc7 16. Ne4 Bxe5 17. Nc5 Bf5 18. Qe2 Bxh2+ 19. Kh1 Nc8 20. Bh6 Bd6 21.
Ne6 Bxe6 22. Qxe6+ Rf7 23. Rac1 Qd7 24. Qxd7 Rxd7 25. Re8+ Kf7 26. Rce1 Nb6 27.
R8e6 Nc4 28. Bd1 Re7 29. Bg4 Rae8 30. Rxe7+ Rxe7 31. Rxe7+ Bxe7 32. b3 Nd6 33.
Bf4 c5 34. Bf3 Ke6 35. Bg4+ Nf5 36. Kg1 c4 37. Kf1 c3 38. Ke1 d4 39. Ke2 Kd5
40. Bf3+ Kc5 41. Bxb7 a5 42. Kd3 Kb4 43. Bd5 h5 44. Bc1 a4 45. a3+ Kb5 46. Bc4+
Kc6 47. bxa4 Bf6 48. a5 Nd6 49. Be6 Kb5 50. Bd7+ Kxa5 51. a4 Kb4 52. f3 g5 53.
Bc6 h4 54. f4 gxf4 55. Bxf4 Nc4 56. Bc1 Ne5+ 0-1

[Event "4NCL Online Division 5"]
[Site "online"]
[Date "2020.04.14"]
[Round "2.112"]
[White "Pike, Andrew"]
[Black "Stone, Ian C"]
[Result "1/2-1/2"]
[WhiteElo "1660"]
[BlackElo "1675"]
[PlyCount "79"]
[EventDate "2020.04.14"]
[WhiteTeam "Wigston 2"]
[BlackTeam "Maryport Assassins B"]

1. c4 e5 2. a3 c6 3. Nc3 d5 4. cxd5 cxd5 5. e3 Nc6 6. d4 e4 7. Bb5 Nf6 8. h3
Bd6 9. Nge2 O-O 10. Bd2 Bd7 11. Bxc6 Bxc6 12. Na4 Qe8 13. Nac3 Rc8 14. Rc1 Bc7
15. O-O Qd7 16. Ng3 Rfe8 17. Be1 a5 18. f4 b5 19. Nh5 Nxh5 20. Qxh5 b4 21. axb4
axb4 22. Na2 Bb5 23. Rf2 b3 24. Nc3 Bc4 25. g4 g6 26. Qh4 Bd8 27. Qg3 h6 28. h4
Kh7 29. Rh2 h5 30. g5 Ra8 31. Kf2 Bc7 32. Qh3 Qxh3 33. Rxh3 Ra7 34. Bd2 Rea8
35. Rhh1 Bd8 36. Rhe1 f6 37. Kg3 fxg5 38. hxg5 Bc7 39. Kh4 Bd8 40. Kg3 1/2-1/2

[Event "4NCL Online Division 5"]
[Site "online"]
[Date "2020.04.14"]
[Round "2.113"]
[White "Tyson, Terry"]
[Black "Raine, Benjamin"]
[Result "1-0"]
[WhiteElo "1667"]
[BlackElo "1615"]
[PlyCount "49"]
[EventDate "2020.04.14"]
[WhiteTeam "Maryport Assassins B"]
[BlackTeam "Wigston 2"]

1. e4 e5 2. Bc4 Nf6 3. Nc3 Nc6 4. a3 a6 5. d3 Bc5 6. f4 exf4 7. Bxf4 O-O 8. Nf3
d6 9. Qd2 Re8 10. Bg5 h6 11. Bh4 Be6 12. Bxe6 Rxe6 13. d4 Nxe4 14. Bxd8 Nxd2+
15. Kxd2 Bxd4 16. Nxd4 Nxd4 17. Bxc7 b5 18. Rhe1 Rc8 19. Bb6 Rxe1 20. Rxe1 Ne6
21. g3 Rc6 22. Nd5 Nc7 23. Ne7+ Kf8 24. Nxc6 Nd5 25. Bd8 1-0

[Event "4NCL Online Division 5"]
[Site "online"]
[Date "2020.04.14"]
[Round "2.114"]
[White "Mottram, Paul"]
[Black "Bowler, Tim"]
[Result "0-1"]
[WhiteElo "1570"]
[BlackElo "1577"]
[PlyCount "142"]
[EventDate "2020.04.14"]
[WhiteTeam "Wigston 2"]
[BlackTeam "Maryport Assassins B"]

1. d4 Nf6 2. c4 e5 3. dxe5 Ng4 4. Bf4 Nc6 5. Nf3 Bc5 6. e3 f6 7. exf6 Qxf6 8.
Nc3 d6 9. Be2 O-O 10. O-O h6 11. Ne4 Qf5 12. Nxc5 Qxc5 13. Qd5+ Qxd5 14. cxd5
Nb4 15. Rfd1 Nf6 16. Bc4 Nh5 17. Bg3 Bg4 18. Be2 Nf6 19. h3 Bf5 20. Nd4 Be4 21.
f3 Bxd5 22. a3 Nc6 23. e4 Bf7 24. Nxc6 bxc6 25. Rac1 c5 26. e5 Nh5 27. Bh2 dxe5
28. Rxc5 Nf4 29. Bxf4 exf4 30. Rxc7 Rfc8 31. Rdc1 Rxc7 32. Rxc7 Re8 33. Bc4
Bxc4 34. Rxc4 g5 35. Kf2 Re7 36. Re4 Rc7 37. Re2 Kf7 38. Rd2 Re7 39. b4 Rb7 40.
Rd4 Ke6 41. Ke2 Rc7 42. Kd3 Rc1 43. a4 Rd1+ 44. Kc4 Rg1 45. Rd2 Rc1+ 46. Kb5
Rb1 47. a5 a6+ 48. Kxa6 Rxb4 49. Rc2 Kf6 50. Ka7 Kg6 51. a6 Kh5 52. Ka8 Kh4 53.
a7 h5 54. Rc7 Kg3 55. Rb7 Ra4 56. Kb8 Kxg2 57. a8=Q Rxa8+ 58. Kxa8 Kxh3 59. Rb5
Kh4 60. Rb4 Kg3 61. Rb3 h4 62. Rb5 Kxf3 63. Rxg5 h3 64. Ra5 h2 65. Ra3+ Kg4 66.
Ra1 Kg3 67. Ra3+ f3 68. Ra1 Kg2 69. Ra2+ f2 70. Ra7 h1=Q 71. Rg7+ Kh2+ 0-1

[Event "4NCL Online Division 5"]
[Site "online"]
[Date "2020.04.14"]
[Round "2.122"]
[White "Cowan, James"]
[Black "Elder, Kidge"]
[Result "0-1"]
[WhiteElo "1300"]
[BlackElo "1555"]
[PlyCount "84"]
[EventDate "2020.04.14"]
[WhiteTeam "St Albans 3"]
[BlackTeam "Broken Herts 1"]

1. e4 c5 2. c3 e6 3. d4 cxd4 4. cxd4 Bb4+ 5. Bd2 Ba5 6. Nf3 Nc6 7. Bc4 Nge7 8.
O-O O-O 9. Nc3 a6 10. a4 b6 11. Na2 Bxd2 12. Qxd2 Na5 13. b3 Bb7 14. Rfe1 d5
15. exd5 exd5 16. Bd3 Nxb3 17. Qb4 Nxa1 18. Rxe7 a5 19. Qa3 Ba6 20. Bxa6 Rxa6
21. Re2 Re8 22. Qd3 Rxe2 23. Qxe2 Qc8 24. Qb2 Nc2 25. Nc3 Nb4 26. Ne5 f6 27.
Nf3 Ra7 28. Nb5 Re7 29. Nd6 Qd7 30. Nb5 Qe8 31. h3 Re2 32. Qb3 Qc8 33. Qd1 Qc2
34. Qf1 Nd3 35. Na3 Qb2 36. Kh2 Nxf2 37. Nb5 Nd3 38. Nh4 Qd2 39. Nf3 Qf4+ 40.
Kh1 Re1 41. Qg1 Rxg1+ 42. Nxg1 Nf2# 0-1

[Event "4NCL Online Division 5"]
[Site "online"]
[Date "2020.04.14"]
[Round "2.124"]
[White "Rose, Samuel"]
[Black "Zsibrita, Steve"]
[Result "0-1"]
[WhiteElo "1075"]
[BlackElo "1495"]
[PlyCount "70"]
[EventDate "2020.04.14"]
[WhiteTeam "St Albans 3"]
[BlackTeam "Broken Herts 1"]

1. e4 c5 2. Nf3 a6 3. Bc4 e6 4. e5 Nc6 5. Be2 Qc7 6. d4 cxd4 7. Nxd4 Nxe5 8.
Bf4 Bd6 9. O-O Ng6 10. Bxd6 Qxd6 11. Nf3 Qc7 12. Nbd2 Nf6 13. Re1 O-O 14. h3 b5
15. a4 Bb7 16. axb5 axb5 17. Rxa8 Rxa8 18. Bxb5 Qb6 19. Be2 Bd5 20. c4 Bc6 21.
Qb3 Qa5 22. Qe3 h6 23. Nb3 Qb4 24. Nfd4 Qxe1+ 25. Kh2 Qb4 26. Nxc6 dxc6 27. Bf3
Rb8 28. Nc5 Qxb2 29. Na6 Rb3 30. Qa7 Qe5+ 31. g3 Rxf3 32. Qa8+ Kh7 33. Qxc6
Rxf2+ 34. Qg2 Rxg2+ 35. Kxg2 Qe4+ 0-1

[Event "4NCL Online Division 5"]
[Site "online"]
[Date "2020.04.14"]
[Round "2.131"]
[White "Zhu, Hou Ning"]
[Black "Humeniuk, Michael"]
[Result "1-0"]
[WhiteElo "1810"]
[BlackElo "1480"]
[PlyCount "145"]
[EventDate "2020.04.14"]
[WhiteTeam "MCS Oxford Juniors"]
[BlackTeam "Broken Herts 2"]

1. d4 d5 2. Bf4 Nc6 3. Nf3 Bf5 4. c3 e6 5. e3 Bd6 6. Bg3 f6 7. Bd3 Nge7 8. O-O
O-O 9. Qc2 Bxg3 10. hxg3 Qd7 11. Nbd2 Nd8 12. Rad1 Ng6 13. e4 dxe4 14. Nxe4 b6
15. Rfe1 Re8 16. Ned2 Bxd3 17. Qxd3 c5 18. Nb3 cxd4 19. Qxd4 Qxd4 20. Rxd4 Nf8
21. Red1 e5 22. Rd5 Nde6 23. a4 Red8 24. Rxd8 Rxd8 25. Rxd8 Nxd8 26. Kf1 Nc6
27. Ke2 Ne6 28. Ke3 Kf7 29. Ke4 Ke7 30. Kd5 Kd7 31. Nbd2 Ne7+ 32. Kc4 Nc5 33.
b3 Nc6 34. Ne1 Kd6 35. b4 Nxa4 36. Kb3 b5 37. Nd3 a6 38. Ne4+ Kc7 39. Ndc5
Nxc5+ 40. Nxc5 Kb6 41. Ne6 g5 42. Nf8 a5 43. Nxh7 a4+ 44. Ka3 f5 45. Nxg5 Ne7
46. Nf7 e4 47. c4 bxc4 48. Kxa4 Nd5 49. Nd6 Nc3+ 50. Ka3 Nb5+ 51. Nxb5 Kxb5 52.
g4 fxg4 53. g3 c3 54. Kb3 c2 55. Kxc2 Kxb4 56. Kd2 Kc4 57. Ke3 Kd5 58. Kf4 Kd4
59. Kxg4 Ke5 60. Kh5 Kf6 61. Kh6 Kf5 62. Kh5 Kf6 63. g4 Kg7 64. Kg5 Kf7 65. Kf5
Kg7 66. Kxe4 Kg6 67. f4 Kf6 68. g5+ Kg6 69. f5+ Kxg5 70. Ke5 Kh6 71. f6 Kh7 72.
Ke6 Kg8 73. Ke7 1-0

[Event "4NCL Online Division 5"]
[Site "online"]
[Date "2020.04.14"]
[Round "2.132"]
[White "Butina, Darko"]
[Black "Khan, Samir"]
[Result "0-1"]
[WhiteElo "1465"]
[BlackElo "1600"]
[PlyCount "122"]
[EventDate "2020.04.14"]
[WhiteTeam "Broken Herts 2"]
[BlackTeam "MCS Oxford Juniors"]

1. b3 e5 2. Bb2 Nc6 3. e3 a6 4. a3 d5 5. Nf3 Bd6 6. Nc3 Nf6 7. d3 Bg4 8. Be2
O-O 9. Nd2 Bd7 10. Na2 Qe7 11. b4 a5 12. b5 Nd8 13. a4 Ne6 14. Nc3 c6 15. Qc1
d4 16. Nce4 Nxe4 17. Nxe4 cxb5 18. axb5 Bxb5 19. Nxd6 Qxd6 20. Ba3 Nc5 21. e4
Qc6 22. O-O Rfc8 23. Qd2 Na4 24. Rfc1 Qc3 25. Qxc3 Nxc3 26. Kf1 Ba4 27. Bb2
Nxe2 28. Kxe2 Rxc2+ 29. Rxc2 Bxc2 30. Kd2 Bb3 31. Ra3 a4 32. f3 b5 33. Ra1 g6
34. Ba3 Kg7 35. Bb4 g5 36. g4 f6 37. h3 h6 38. Ba3 Rb8 39. Bb4 Ra8 40. Ba3 Ra7
41. Rc1 Rb7 42. Bb4 Ra7 43. Ra1 Kg6 44. Ba3 Rb7 45. Bb4 h5 46. Rc1 hxg4 47.
hxg4 Rh7 48. Rc8 Ra7 49. Ba3 b4 50. Bxb4 a3 51. Rc1 a2 52. Ra1 Rc7 53. Ba3 Rc2+
54. Ke1 Rh2 55. Bc1 Rh1+ 56. Kd2 Bd1 57. Bb2 Bxf3 58. Rxh1 Bxh1 59. Ke2 Bg2 60.
Kf2 Bh3 61. Kg3 Bf1 0-1

[Event "4NCL Online Division 5"]
[Site "online"]
[Date "2020.04.14"]
[Round "2.133"]
[White "Li, Reya"]
[Black "Lynch, Mark"]
[Result "1-0"]
[WhiteElo "1450"]
[BlackElo "1472"]
[PlyCount "95"]
[EventDate "2020.04.14"]
[WhiteTeam "MCS Oxford Juniors"]
[BlackTeam "Broken Herts 2"]

1. e4 d6 2. d4 Nf6 3. Nc3 Nbd7 4. Nf3 e5 5. dxe5 dxe5 6. Bc4 Be7 7. O-O O-O 8.
Bg5 h6 9. Bh4 c6 10. Qd2 Nb6 11. Qxd8 Rxd8 12. Bb3 Nbd7 13. Rad1 Re8 14. Bg3
Nh5 15. Bxe5 Nxe5 16. Nxe5 Bf6 17. Bxf7+ Kf8 18. Bxe8 Kxe8 19. Nc4 Be7 20. Rfe1
Be6 21. Ne5 Nf6 22. Ng6 Kf7 23. Nxe7 Kxe7 24. e5 Nd5 25. Nxd5+ Bxd5 26. b3 Rf8
27. Rd4 g5 28. Rb4 b6 29. Ra4 Ra8 30. h4 Be6 31. hxg5 hxg5 32. Kh2 a6 33. Rd4
c5 34. Rd6 b5 35. Rc6 c4 36. bxc4 Bxc4 37. a3 Bd5 38. Rc7+ Ke6 39. g4 Rf8 40.
Re2 Rf4 41. Ra7 Ra4 42. Re3 Rf4 43. Rxa6+ Kf7 44. e6+ Ke7 45. Ra7+ Kd6 46. Rd7+
Kc6 47. Rxd5 Kxd5 48. e7 1-0

[Event "4NCL Online Division 5"]
[Site "online"]
[Date "2020.04.14"]
[Round "2.134"]
[White "Williams, Graham"]
[Black "Li, Evan"]
[Result "1/2-1/2"]
[WhiteElo "1435"]
[BlackElo "1435"]
[PlyCount "37"]
[EventDate "2020.04.14"]
[WhiteTeam "Broken Herts 2"]
[BlackTeam "MCS Oxford Juniors"]

1. d4 Nf6 2. c4 e6 3. Nc3 Bb4 4. e3 d5 5. c5 b6 6. Qa4+ Nc6 7. Qxc6+ Bd7 8. Qb7
Rb8 9. Qa6 b5 10. Bd2 Bc8 11. Qxa7 Rb7 12. Qa8 c6 13. a3 Ba5 14. b4 Bc7 15. a4
Rb8 16. Qa7 Rb7 17. Qa8 Rb8 18. Qa7 Rb7 19. Qa8 1/2-1/2

[Event "4NCL Online Division 5"]
[Site "online"]
[Date "2020.04.14"]
[Round "2.141"]
[White "Siddle, Michael"]
[Black "Dasgupta, Avyukt"]
[Result "1/2-1/2"]
[WhiteElo "1562"]
[BlackElo "1637"]
[PlyCount "148"]
[EventDate "2020.04.14"]
[WhiteTeam "Bishop Knights"]
[BlackTeam "Watford Juniors A"]

1. c4 e5 2. g3 Nf6 3. Bg2 Bc5 4. e3 Nc6 5. Nc3 d6 6. a3 a6 7. b4 Ba7 8. Bb2 Be6
9. Nd5 Bxd5 10. cxd5 Ne7 11. Ne2 Nexd5 12. O-O c6 13. d4 e4 14. Qc2 Qe7 15. Nc3
Nxc3 16. Bxc3 d5 17. a4 O-O 18. Qb3 Qe6 19. Qb2 Bb6 20. Rfc1 Rac8 21. Qa3 Rfd8
22. a5 Bc7 23. Rc2 Bd6 24. Qb2 Ne8 25. Rf1 f5 26. f4 Nf6 27. h3 Nh5 28. Be1 Qg6
29. Kh2 Nf6 30. Kg1 h5 31. Kf2 Qf7 32. Ke2 h4 33. Kd1 hxg3 34. Bh1 Qh5+ 35. Kc1
Qxh3 36. Rg2 Rd7 37. Qe2 Ng4 38. Rxg3 Qh5 39. Rg2 Qf7 40. Rfg1 Qe6 41. Rg3 Kf8
42. Bg2 Ke8 43. Rh1 Kd8 44. Bh3 Nh6 45. Qh5 Kc7 46. Rg6 Qf7 47. Rhg1 Bf8 48.
R1g5 Rd6 49. Rxd6 Qxh5 50. Rxh5 Bxd6 51. Rg5 Rg8 52. Rg6 Be7 53. Kc2 Bf6 54.
Kb3 b6 55. Bf1 Ng4 56. Bd2 Kb7 57. Be2 Nh6 58. Rg2 bxa5 59. bxa5 Ka7 60. Ka4
Rb8 61. Bc3 Nf7 62. Bb4 Nd8 63. Bh5 Ne6 64. Bg6 Rh8 65. Bxf5 Nc7 66. Rc2 Nb5
67. Rxc6 Kb7 68. Rc2 Rh5 69. Bc8+ Ka7 70. Bd7 Rh8 71. Bc5+ Kb7 72. Bb4 Ka7 73.
Bc5+ Kb7 74. Bb4 Ka7 1/2-1/2

[Event "4NCL Online Division 5"]
[Site "online"]
[Date "2020.04.14"]
[Round "2.142"]
[White "Nagda, Maanav"]
[Black "Sides, David"]
[Result "1-0"]
[WhiteElo "1592"]
[BlackElo "1547"]
[PlyCount "95"]
[EventDate "2020.04.14"]
[WhiteTeam "Watford Juniors A"]
[BlackTeam "Bishop Knights"]

1. d4 d5 2. Nc3 Nf6 3. Bg5 e6 4. e4 Be7 5. e5 Ne4 6. Bxe7 Qxe7 7. Nxe4 dxe4 8.
c3 O-O 9. Ne2 Nc6 10. Ng3 f5 11. Be2 Nd8 12. O-O a6 13. Qd2 Bd7 14. Rfe1 Nf7
15. f3 Bc6 16. fxe4 fxe4 17. Bh5 Ng5 18. Bg4 h6 19. Nh5 Be8 20. Nf4 Qd7 21. Bh5
Bxh5 22. Nxh5 Qf7 23. Ng3 Qf4 24. Qxf4 Rxf4 25. Rf1 Raf8 26. Nh5 Rxf1+ 27. Rxf1
Rxf1+ 28. Kxf1 Kf7 29. Ke2 Kg6 30. Ng3 Kf7 31. Ke3 c6 32. Nxe4 Nxe4 33. Kxe4
Kg6 34. Kf4 Kh5 35. b3 Kh4 36. c4 g5+ 37. Ke4 Kg4 38. a3 h5 39. a4 h4 40. b4
Kh5 41. d5 cxd5+ 42. cxd5 Kg6 43. dxe6 Kg7 44. Kf5 Kf8 45. Kxg5 Ke7 46. Kf5 b6
47. g3 hxg3 48. hxg3 1-0